LIBRARY & INFORMATION CENTRE, KCAET, TAVANUR

ONLINE PUBLIC ACCESS CATALOGUE (OPAC)

Text book of home science / (Record no. 10631)

MARC details
000 -LEADER
fixed length control field 00446cam a2200181ua 4500
041 ## - LANGUAGE CODE
Language code of text/sound track or separate title eng
082 ## - DEWEY DECIMAL CLASSIFICATION NUMBER
Classification number 640
Item number PRE/TE
100 ## - MAIN ENTRY--AUTHOR NAME
Personal name Premlata, Mullick .
245 ## - TITLE STATEMENT
Title Text book of home science /
250 ## - EDITION STATEMENT
Edition statement 1 /
260 ## - PUBLICATION, DISTRIBUTION, ETC. (IMPRINT)
Place of publication New Delhi :
Name of publisher Kalyani Publishers ,
Year of publication 1995.
300 ## - PHYSICAL DESCRIPTION
Number of Pages 606 ; .
942 ## - ADDED ENTRY ELEMENTS (KOHA)
Koha item type Books
Holdings
Withdrawn status Lost status Damaged status Home library Current library Date acquired Full call number Accession Number Koha item type
      KAUAET KAUAET 07/04/2012 640 PRE/TE 19430 Books
free website counter